000 01075cab a2200289 4500
001 ABS54861
008 090401t1996 xxu||||| |||| 00| 0 eng d
035 _a(Sirsi) u12602
041 _aeng
100 _aBrewer, G.
245 _aClarifying insurance liability
260 _c1996
350 _a0
490 _aContract Journal
_v383(6070) 11 April 1996, 26(1)
520 _aExamines the decision in "R W Construction v Hewgate Construction" and its implications for insurance and liability provision in JCT forms of contract and subcontract. The case held that the main contractor was under no duty to safeguard the subcontractor`s plant.
650 _aBUILT ENVIRONMENT-BUILDING CONTRACT FORMS
650 _aInsurance
_96249
650 _aJCT FORMS OF CONTRACT
650 _aLIABILITY
650 _aSTANDARD FORM OF NON-NOMINATED SUB-CONTRACT
650 _aPLANT AND MACHINERY
650 _aR W CONSTRUCTION V HEWGATE CONSTRUCTION
650 _aSUBCONTRACTS
690 _aBUILT ENVIRONMENT-BUILDING CONTRACT FORMS
942 _n0
948 _c04/03/1997
999 _c8055
_d8055